000 00329nam a2200133 i 4500
001 bg
100 1 _aMIŁEK, M.
245 0 _aMagnetyczne komparatory prądów w pomiarach elektrycznych /
_cM. Miłek.
260 _aWarszawa,
_c1990.
040 _cBPK
041 _apol
942 _cKS
008 s pl f |000 0 pol
999 _c4308
_d4308
856 _uhttp://koha.tu.koszalin.pl/cgi-bin/koha/opac-detail.pl?biblionumber=4308
_yKatalog online BPK